Bronislava Kopczyńska-Jaworska: Lodž i inne miasta

Bibliographic Details
Main Author: Salner, Peter, 1951- (Author)
Format: Article
Language:Slovak
ISSN:1335-1303
Subjects:

MARC

LEADER 00000nab a2200000 a 4500
001 vtls000720807
003 SK-MaSNL
005 20260304142751.0
008 250505c1999 xo 0 slo
015 |a SNBRB2000/05-13242 
035 |a CLN000072974 
035 |a urn:nbn:sk:snk-abjq8 
035 |a (urnnbn)urn:nbn:sk:snk:ar-a036vs 
035 |a (uuid)f85c0256-56b0-4fdb-86b7-1d4dd838c026 
040 |a SNKBUCL  |b slo  |c SNKBUCL  |e AACR2 
041 0 |a slo 
044 |a xo  |c SK 
080 |a 943.8(048)  |2 1997 
080 |a 908.438(048)  |2 1997 
100 1 |a Salner, Peter,  |d 1951-  |4 aut  |9 100837 
245 1 0 |a Bronislava Kopczyńska-Jaworska: Lodž i inne miasta  |c Peter Salner 
650 0 7 |a zborníky  |x recenzie  |2 snkbucl  |9 827480 
651 7 |a Lodž (Poľsko)  |2 SNKPHgeo  |9 99161 
655 7 |a články z novín a časopisov  |2 snkbucl  |9 267496 
773 0 |t Slovenský národopis  |g Roč. 47, č. 4 (1999), s. 456  |x 1335-1303 
787 0 8 |i Rec.:  |a Kopczyńska-Jaworska, Bronislava  |t Lodž i inne miasta  |d Łódź : Katedra etnologii Uniwersytetu Lódzkiego, 1999 
850 |a Slovenská národná knižnica 
852 |a Slovenská národná knižnica 
954 |a odborná, vedecká literatúra pôvodná (slovenská)  |2 lita 
958 |a article27 
958 |a PL 
958 |a OND 
958 |a EUIPO 
992 |a RBX 
999 |c 2922813  |d 2924743